• 首页
  • 本馆介绍
  • 公告通知
  • 最新文献
  • 馆藏检索
  • 电子资源
  • 读者导购
  • 参考咨询
  • 我的图书馆
  • 登录
  • 详细信息显示
  • 放入我的书架
  • 预约/预借图书
  • 作者相关作品
  • 分类相关作品
  • 丛书相关作品
  • 出版社相关作品

书目信息

  • 表格格式
  • 工作单格式
  • 卡片格式
题名:
老书店
    
 
作者: 韩淑芳 主编
分册:  
出版信息: 北京   中国文史出版社  2017
页数: 261页
开本: 24cm
丛书名:
单 册:
中图分类: I266.1
科图分类:
主题词: 随笔--sui bi--中国--现代--选集
电子资源:
ISBN: 978-7-5034-8086-7
000 00848nam0 22002531 450
001 0109172455
005 20170309172455.0
010    @a978-7-5034-8086-7@dCNY32.80
100    @a20161031d2017 em y0chiy50 ea
101 0  @achi
102    @aCN@b110000
105    @aa z 000cy
106    @ar
200 1  @a老书店@9lao shu dian@f韩淑芳主编
210    @a北京@c中国文史出版社@d2017
215    @a261页@c图,照片@d24cm
300    @a民国趣读
314    @a主编:韩淑芳
330    @a本书中,潘光旦、章元善、陈岱孙、马约翰,冯友兰、费孝通等民国大家讲述百年清华民国年间的课堂趣闻、名师风采、社团活动……片段小文、三言两语,生讲鲜活地再现了清华校园里那些逝去的过往。
606 0  @a随笔@9sui bi@y中国@z现代@j选集
690    @aI266.1@v5
701  0 @a韩淑芳@9han shu fang@4主编
801  0 @aCN@bTANGWEI@c20170308
905    @b0953896-9@dI266.1@e2022@f4
    
    老书店/韩淑芳主编.-北京:中国文史出版社,2017
    261页:图,照片;24cm
    民国趣读
    
    ISBN 978-7-5034-8086-7:CNY32.80
    本书中,潘光旦、章元善、陈岱孙、马约翰,冯友兰、费孝通等民国大家讲述百年清华民国年间的课堂趣闻、名师风采、社团活动……片段小文、三言两语,生讲鲜活地再现了清华校园里那些逝去的过往。
●
相关链接 在E读中查询图书 在五车中查询图书 在当当中查询图书 在豆瓣中查询图书


正题名:老书店     索取号:I266.1/2022         预约/预借

序号 登录号 条形码 馆藏地/架位号 状态 备注
1 0953896   209538963   第一样本阅览室/ [索取号:I266.1/2022] 在馆    
2 0953897   209538972   第二借阅区/ [索取号:I266.1/2022] 在馆    
3 0953898   209538981   第二借阅区/ [索取号:I266.1/2022] 在馆    
4 0953899   209538990   第二借阅区/ [索取号:I266.1/2022] 在馆    
唐山师范学院图书馆 欢迎您!
大连网信软件有限公司© 版权所有